000 01306cam a2200361 a 4500
999 _c19706
_d19706
001 2065691
003 BDDh-ASL
005 20231015025810.0
008 940303s1993 ii b f000 0 eng
010 _a 93910159
020 _a8185952086
025 _aI-E-72910
040 _aDLC
_cDLC
_dDLC
_dBDDh-ASL
042 _alcode
043 _aa-ii---
_aa-bg---
050 0 0 _aBL1225.R243
_bB434 1993
082 0 0 _a294.5211
_220
_bBAA
100 1 _aBanerjee, Sumanta.
245 1 0 _aAppropriation of a folk-heroine :
_bRadha in medieval Bengali Vaishnavite culture /
_cSumanta Banerjee.
260 _aShimla :
_bIndian Institute of Advanced Study,
_c1993.
300 _a50 p. :
_c23 cm.
490 1 _aOccasional paper ;
_v3
500 _a"Socio-religious movements and cultural networks in Indian civilization"--Cover.
504 _aIncludes bibliographical references (p. 48-50).
600 0 0 _aRadha
_c(Hindu deity)
651 0 _aBengal (India)
_xCivilization.
710 2 _aIndian Institute of Advanced Study.
740 0 _aSocio-religious movements and cultural networks in Indian civilization.
830 0 _aOccasional paper (Indian Institute of Advanced Study) ;
_v3.
906 _a7
_bcbc
_corigode
_d2
_encip
_f19
_gy-gencatlg
942 _2ddc
_cBK